Znane imiona - Statystyki

Ogólne statystyki
  • Ten quiz został rozwiązany 2 291 razy
  • Średni wynik to 7 z 18
Statystyki odpowiedzi
Imię Nazwy rodzinne % Poprawnych
Maria Konopnicka, Skłodowska-Curie, Czubaszek,
100%
Adolf Eichmann, Dymsza, Hitler
92%
John Travolta, Steinbeck, Lennon
71%
Daniel Radcliffe, Olbrychski, Day-Lewis
58%
Louis Vuitton, Pasteur, Armstrong
50%
Aleksandra Szwed, Śląska, Popławska
48%
Igor Herbut, Strawinski, Akinfiejew
47%
Marco Polo, Fabián, Reus, Pantani
47%
Margaret Thatcher, Cho, Atwood
45%
Jane Birkin, Austen, Fonda
33%
Jason Statham, Bateman, Donovan
27%
Juan Perón, Carlos, Mata, Guaidó
25%
Arthur Rimbaud, Miller, Conan Doyle
22%
Helena Wolińska, Rubinstein, Bonham Carter
20%
Caroline Wozniacki, Garcia, Kennedy
19%
Carmen Miranda. Electra, Campagne
15%
Nikołaj Rimski-Korsakow, Jeżow, Gogol
10%
Charlotte Brontë, Rampling, Gainsbourg
6%
Nie znaleziono quizów pasujących do podanych kryteriów
Rozkład punktacji
Procent ludzi z każdym wynikiem
Percentyl według liczby udzielonych odpowiedzi
Twoja historia wyników
Nie rozwiązałeś tego quizu